|
|
|
|
| LEADER |
01607nam a22003614a 4500 |
| 001 |
7953 |
| 003 |
BD-DhAAL |
| 005 |
20150730102254.0 |
| 008 |
150730s2004 bg ab b f000 0 beno |
| 010 |
|
|
|a 2008305674
|
| 020 |
|
|
|a 9844832543
|
| 020 |
|
|
|a 9843209516
|
| 040 |
|
|
|a DLC
|c DLC
|d DLC
|d BD-DhAAL
|
| 050 |
0 |
0 |
|a DS396.8.M39
|b H67 2007
|
| 082 |
|
|
|a 954.9/23
|
| 100 |
1 |
|
|a Hossain, M. Mosharraf,
|d 1950-
|9 13333
|
| 245 |
1 |
0 |
|a Mainamati--Lalmai /
|c Md. Mosharraf Hossain
|
| 246 |
1 |
|
|i Title on t.p. verso:
|a Mainamati--Lalmai
|
| 260 |
|
|
|a Dhaka :
|b Dibyaprakash
|
| 300 |
|
|
|a 88 p. :
|b col. ill., map ;
|c 22 cm.
|
| 504 |
|
|
|a Includes bibliographical references (p. 6).
|
| 520 |
|
|
|a Articles on antiquities and archaeological excavations in Mainamati and Lālmai Hills regions in Bangladesh.
|
| 541 |
|
|
|e 7953
|
| 650 |
|
0 |
|a Excavations (Archaeology)
|z Bangladesh
|z Mainamati Region.
|9 13334
|
| 650 |
|
0 |
|a Excavations (Archaeology)
|z Bangladesh
|z Lālmai Hills Region (Bangladesh)
|9 13335
|
| 651 |
|
0 |
|a Mainamati Region (Bangladesh)
|x Antiquities.
|9 13336
|
| 651 |
|
0 |
|a Lālmai Hills Region (Bangladesh)
|x Antiquities.
|9 13337
|
| 700 |
1 |
|
|a Deoẏāna, Tophāẏela Āhameda.
|9 13338
|
| 710 |
2 |
|
|a Bangladesh.
|b Pratnatattva Adhidaptara.
|9 13339
|
| 942 |
|
|
|2 ddc
|c BK
|
| 999 |
|
|
|c 35101
|d 35101
|
| 952 |
|
|
|0 0
|1 0
|2 ddc
|4 0
|6 954_923000000000000_HOS
|7 0
|9 55024
|a SCL
|b SCL
|c GEN
|d 2015-07-30
|g 80.00
|l 0
|o 954.923 HOS
|p 3020007953
|r 2015-07-30
|t 1
|w 2015-07-30
|y BK
|
| 952 |
|
|
|0 0
|1 0
|2 ddc
|4 0
|6 954_923000000000000_HOS
|7 0
|9 55037
|a SCL
|b SCL
|c GEN
|d 2015-07-30
|g 80.00
|l 1
|o 954.923 HOS
|p 3020007952
|r 2019-05-23
|s 2019-05-16
|t 2
|w 2015-07-30
|y BK
|